Imagined Causes: Hume's Conception of Objects

This book provides the first comprehensive account of Hume’s conception of objects in Book I of A Treatise of Human Nature. What, according to Hume, are objects? Ideas? Impressions? Mind-independent objects? All three? None of the above? Through a close textual analysis, Rocknak shows that Hume thou...

Full description

Main Author: Rocknak, Stefanie. (Author, http://id.loc.gov/vocabulary/relators/aut)
Corporate Author: SpringerLink (Online service)
Language:English
Published: Dordrecht : Springer Netherlands : Imprint: Springer, 2013.
Edition:1st ed. 2013.
Series:The New Synthese Historical Library, Texts and Studies in the History of Philosophy, 71
Subjects:
Online Access:https://doi.org/10.1007/978-94-007-2187-6
LEADER 04000nam a22004935i 4500
001 978-94-007-2187-6
003 DE-He213
005 20210615202329.0
007 cr nn 008mamaa
008 120914s2013 ne | s |||| 0|eng d
020 |a 9789400721876  |9 978-94-007-2187-6 
024 7 |a 10.1007/978-94-007-2187-6  |2 doi 
050 4 |a B108-5802 
072 7 |a HPC  |2 bicssc 
072 7 |a PHI009000  |2 bisacsh 
072 7 |a QDH  |2 thema 
082 0 4 |a 180-190  |2 23 
100 1 |a Rocknak, Stefanie.  |e author.  |4 aut  |4 http://id.loc.gov/vocabulary/relators/aut 
245 1 0 |a Imagined Causes: Hume's Conception of Objects  |h [electronic resource] /  |c by Stefanie Rocknak. 
250 |a 1st ed. 2013. 
264 1 |a Dordrecht :  |b Springer Netherlands :  |b Imprint: Springer,  |c 2013. 
300 |a XVI, 292 p.  |b online resource. 
336 |a text  |b txt  |2 rdacontent 
337 |a computer  |b c  |2 rdamedia 
338 |a online resource  |b cr  |2 rdacarrier 
347 |a text file  |b PDF  |2 rda 
490 1 |a The New Synthese Historical Library, Texts and Studies in the History of Philosophy,  |x 1879-8578 ;  |v 71 
505 0 |a General Introduction.- PART I: LAYING THE GROUNDWORK.- 1. Four Distinctions.- 2. Elementary Belief, Causally-Produced Belief and the Natural Relation of Causality -- 3. The Two Systems of Reality -- PART II: PERFECT IDENTITY AND THE TRANSCENDENTAL IMAGINATION -- 4. Proto-Objects -- 5. The First Account of Transcendental Perfect Identity: The Foundation of Secret Causes -- 6. A Mysterious Kind of Causation: The Second Account of Transcendental Perfect Identity -- 7. Unity, Number and Time: The Third Account of Transcendental Perfect Identity.- PART III: IMAGINING CAUSES IN REACTION TO THE VULGAR: A PURELY PHILOSOPHICAL ENDEAVOR -- 8. The Vulgar Attempt to Achieve Perfect Identity -- 9. The Philosopher’s Reaction to the Vulgar: Imagined Causes Revisited -- 10. Personal Identity.- PART IV: JUSTIFICATION -- 11. Three Unjustified Instances of Imagined Causes: Substances, Primary Qualities and the Soul as an Immaterial Object -- 12. Conclusion.- Bibliography -- Index. 
520 |a This book provides the first comprehensive account of Hume’s conception of objects in Book I of A Treatise of Human Nature. What, according to Hume, are objects? Ideas? Impressions? Mind-independent objects? All three? None of the above? Through a close textual analysis, Rocknak shows that Hume thought that objects are imagined ideas. But, she argues, he struggled with two accounts of how and when we imagine such ideas. On the one hand, Hume believed that we always and universally imagine that objects are the causes of our perceptions. On the other hand, he thought that we only imagine such causes when we reach a “philosophical” level of thought. This tension manifests itself in Hume’s account of personal identity; a tension that, Rocknak argues, Hume acknowledges in the Appendix to the Treatise. As a result of Rocknak’s detailed account of Hume’s conception of objects, we are forced to accommodate new interpretations of, at least, Hume’s notions of belief, personal identity, justification and causality. 
650 0 |a Philosophy. 
650 0 |a Modern philosophy. 
650 1 4 |a History of Philosophy.  |0 https://scigraph.springernature.com/ontologies/product-market-codes/E15000 
650 2 4 |a Modern Philosophy.  |0 https://scigraph.springernature.com/ontologies/product-market-codes/E19000 
710 2 |a SpringerLink (Online service) 
773 0 |t Springer Nature eBook 
776 0 8 |i Printed edition:  |z 9789400721883 
776 0 8 |i Printed edition:  |z 9789400798359 
776 0 8 |i Printed edition:  |z 9789400721869 
830 0 |a The New Synthese Historical Library, Texts and Studies in the History of Philosophy,  |x 1879-8578 ;  |v 71 
856 4 0 |u https://doi.org/10.1007/978-94-007-2187-6 
912 |a ZDB-2-SHU 
912 |a ZDB-2-SXPR 
950 |a Humanities, Social Sciences and Law (SpringerNature-11648) 
950 |a Philosophy and Religion (R0) (SpringerNature-43725)